000 00978nam a22002297a 4500
003 URS
005 20220908132436.0
008 220902b |||||||| |||| 00| 0 eng d
100 _92220
_aCelestial, Eloisa Mae
_eauthor
245 _aCash Management Practices of Tricycle Operators and Drivers Associations (TODA) of Mainland Barangays in Binangonan, Rizal Calendar Year 2017
_cEloisa Mae Celestial, Ma. Christalyn Chuajap, John Carlo Sta. Maria
260 _c2018
300 _axv, 86 leaves
_c28 cm
336 _2rdacontent
_atext
337 _2rdamedia
_aunmediated
338 _2rdacarrier
_avolume
502 _aThesis
_bBachelor of Science in Business Administration Major in Financial Management
_cUniversity of Rizal System, Binangonan
_d2018
504 _aincludes bibliographical references
700 _92223
_aChuajap, Ma. Christalyn
_eauthor
700 _92222
_aSta. Maria, John Carlo
_eauthor
700 _91547
_aGloria P. De Leon, MBA
_eadviser
942 _2lcc
_cT
999 _c58549
_d58549